| 000 | 01364nam a22003617a 4500 | ||
|---|---|---|---|
| 003 | CHAP | ||
| 005 | 20220817044453.0 | ||
| 008 | 110811s2004 us b rn 00010 eng d | ||
| 010 | _a101801 | ||
| 011 | _a102773 | ||
| 020 | _a0195076516 | ||
| 035 | _a113462 | ||
| 040 | _cCHAP | ||
| 082 | 1 | 0 |
_a338.1 _bAg831 |
| 245 | 0 | 4 |
_aAgricultural and environmental resource economics _c/editado por Gerald A. Carlson, David Zilberman y John A. Miranowski |
| 260 |
_aNew York : _bOxford University Press, _c1993 |
||
| 300 |
_aix, 528 : _bilus., gráfs., tablas |
||
| 490 | _aBiological resource management series | ||
| 590 |
_aBATCH-UPD _b10 _c20130110 _lUCH01 _h1232 |
||
| 590 |
_aBATCH-UPD _b10 _c20130410 _lUCH01 _h0802 |
||
| 590 |
_aBATCH-UPD _b10 _c20130914 _lUCH01 _h2133 |
||
| 590 |
_aCONVERSION _b10 _c20130109 _lUCH01 _h1356 |
||
| 650 | 1 | 4 |
_aAgricultura _xAspectos económicos. |
| 650 | 1 | 4 |
_aMedio ambiente. _974065 |
| 700 | 0 |
_aCarlson, Gerald A. _e, ed. _918996 |
|
| 700 | 1 |
_aMiranowski, John A. _e, ed. _976129 |
|
| 700 | 1 |
_aZilberman, David _e, ed. _9124019 |
|
| 830 | 0 |
_aBiological resource management series _912757 |
|
| 901 | _aBK | ||
| 942 | _cLIBRO | ||
| 949 |
_a338.1 Ag831 _bBC _cLIBRO _d33724002300520 _eLIBRO _fc.2 _gI. 258473 _h115467 _i113462 _sb _t$1,349.75 |
||
| 949 |
_a338.1 Ag831 _bBC _cLIBRO _d33724002300644 _eLIBRO _gI. 258475 _h115466 _i113462 _sb _t$1,349.75 |
||
| 999 |
_c101801 _d101801 |
||